| 000 | 00000nam##2200000za#4500 |
| 001 | 9.599615 |
| 003 | CaOODSP |
| 005 | 20240501092931 |
| 007 | cr ||||||||||| |
| 008 | 150406|2001||||xxc|||||o f|0| 0 fre|d |
| 040 | |aCaOODSP|bfre |
| 043 | |an-cn--- |
| 086 | 1 |aPS83-3/100F-PDF |
| 110 | 2 |aService correctionnel Canada. |
| 245 | 10|aPrévisions à moyen terme de la population carcérale sous responsabilité fédérale : |h[ressource électronique]|b(2001-2004) / |c[par] Roger Boe. |
| 260 | |bService correctionnel Canada |cFévrier 2001. |
| 300 | |a39p.|bgraphiques, tableaux |
| 490 | 1 |aRapport de recherche|v[R-100] |
| 590 | |a10-14-Supp|b2010-12-03 |
| 720 | 1 |aBoe, Roger |
| 775 | 08|tA medium-term federal offender population forecast : |w(CaOODSP)9.568324 |
| 830 | #0|aRapport de recherche (Service correctionnel Canada. Direction de la recherche)|v[R-100]|w(CaOODSP)9.502465 |
| 856 | 40|ahttp://publications.gc.ca|qPDF|s119 Ko|uhttps://publications.gc.ca/collections/collection_2010/scc-csc/PS83-3-100-fra.pdf|y[R-100] |